[Event "FICGS class A 000219 email"]
[Site "FICGS email"]
[Date "2019.10.13"]
[Round "1"]
[White "Wilson, Norman"]
[Black "Miller, Joseph"]
[Result "0-1"]
[WhiteElo "2094"]
[BlackElo "2000"]
[PlyCount "84"]
[EventDate "2019.??.??"]
[EventType "tourn (corr)"]
[EventRounds "6"]
[SourceTitle "Corr 2022"]
[Source "ChessBase"]
[SourceDate "2021.10.24"]
[SourceVersion "1"]
[SourceVersionDate "2021.10.24"]
[SourceQuality "1"]

1. e4 e5 2. Nf3 Nc6 3. Bb5 a6 4. Ba4 Nf6 5. 0-0 Nxe4 6. d4 b5 7. Bb3 d5 8. dxe5 Be6 9. Nbd2 Nc5 10. c3 Be7 11. Bc2 d4 12. cxd4 Nxd4 13. Nxd4 Qxd4 14. Nf3 Qxd1 15. Rxd1 Rd8 16. Rxd8+ Kxd8 17. Nd4 Bd5 18. Nf5 g6 19. Nxe7 Kxe7 20. Bg5+ Ke6 21. f4 Be4 22. Bb3+ Nxb3 23. axb3 Ra8 24. b4 c5 25. bxc5 Kd5 26. Rc1 Kc6 27. Kf2 Bf5 28. Be7 a5 29. Rd1 Re8 30. Bd6 b4 31. g3 Kb5 32. Ke3 Be6 33. Ra1 Rc8 34. Ke4 a4 35. Kd4 Rc6 36. Rc1 Ra6 37. c6 a3 38. bxa3 bxa3 39. c7 a2 40. Ra1 Rc6 41. g4 Rc2 42. Kd3 Rxh2 0-1